Introduction to modern information retrieval (Record no. 6959)
[ view plain ]
| 000 -LEADER | |
|---|---|
| fixed length control field | 00357 a2200133 4500 |
| 020 ## - INTERNATIONAL STANDARD BOOK NUMBER | |
| International Standard Book Number | 0070544840 : |
| 082 0# - DEWEY DECIMAL CLASSIFICATION NUMBER | |
| Classification number | 025/.04 |
| 100 10 - MAIN ENTRY--PERSONAL NAME | |
| Personal name | Salton, Gerard. |
| 245 10 - TITLE STATEMENT | |
| Title | Introduction to modern information retrieval |
| 260 0# - PUBLICATION, DISTRIBUTION, ETC. | |
| Place of publication, distribution, etc. | New York : |
| Name of publisher, distributor, etc. | McGraw-Hill, |
| Date of publication, distribution, etc. | c1983. |
| 300 ## - PHYSICAL DESCRIPTION | |
| Extent | xv, 448 p. : |
| Other physical details | ill. ; |
| 490 1# - SERIES STATEMENT | |
| Series statement | McGraw-Hill computer science series |
| 942 ## - ADDED ENTRY ELEMENTS (KOHA) | |
| Koha item type | Book |
| Withdrawn status | Lost status | Source of classification or shelving scheme | Damaged status | Not for loan | Permanent Location | Current Location | Shelving location | Date acquired | Total Checkouts | Full call number | Barcode | Date last seen | Price effective from | Koha item type |
|---|---|---|---|---|---|---|---|---|---|---|---|---|---|---|
| Central Library (CL) | Central Library (CL) | First Floor - Journalism | 09/19/2019 | 025.04 | seecs004272 | 09/19/2019 | 09/19/2019 | Book |
